000 00311nam a22001457a 4500
003 SGT
020 _a9789356062191
082 _a620,CHA
100 _aCRAIG, JOHAN
245 _aINTRODUCTION TO ROBOTICS MECHANICS
250 _a4TH
260 _aNEW DELHI
_bPEARSON
_c2025
300 _a452
942 _2ddc
_cBK
999 _c28510
_d28510